[Event "Challenge"]
[Site "http://www.queenalice.com/game.php?id=1794752"]
[Date "2022.8.22"]
[Round "-"]
[White "henriq19"]
[Black "Andchess"]
[Result "1-0"]
[WhiteElo "2074"]
[BlackElo "1100"]

1. d4 d5 2. c4 dxc4 3. e4 Nc6 4. Bxc4 Bd7 5. Nf3 e6 6. O-O Qe7 7. Nc3 O-O-O 8.
e5 Qe8 9. a3 Qe7 10. Bg5 f6 11. exf6 gxf6 12. Bh4 Be8 13. Re1 Bh5 14. Qd3 e5 15.
Qf5+ Kb8 16. Qxh5 Bh6 17. Bxg8 Rhxg8 18. Qxh6 Qf7 19. Rad1 Qe6 20. d5 Qg4 21.
Bg3 Ne7 22. Qxf6 Rde8 23. Qxe5 h5 24. Qxc7+ Ka8 25. Nb5 Nf5 26. Qb8+ Rxb8 27.
Nc7# 1-0

[Event "Challenge"]
[Site "http://www.queenalice.com/game.php?id=1794868"]
[Date "2022.8.24"]
[Round "-"]
[White "Andchess"]
[Black "henriq19"]
[Result "0-1"]
[WhiteElo "1100"]
[BlackElo "2076"]

1. e4 e5 2. Nc3 Nf6 3. Be2 Bc5 4. Bc4 O-O 5. Bb3 c6 6. Nf3 Re8 7. O-O d5 8. exd5
cxd5 9. Nb5 a6 10. Nc3 Nc6 11. Ne2 Bf5 12. c3 Qc7 13. c4 d4 14. Ng3 Bg6 15. Bc2
Rad8 16. Nh4 d3 17. Ba4 Rd4 18. Nf3 Rxc4 19. Bb3 Rb4 20. Re1 e4 21. Ng5 h6 22.
Nh3 a5 23. a3 Rd4 24. Re3 a4 25. Bxa4 Ng4 26. Qxg4 Rxa4 27. b3 Raa8 28. f3 Bxe3+
29. dxe3 Ne5 30. Qh4 exf3 31. gxf3 Nxf3+ 0-1

[Event "Challenge"]
[Site "http://www.queenalice.com/game.php?id=1794869"]
[Date "2022.8.24"]
[Round "-"]
[White "Andchess"]
[Black "henriq19"]
[Result "0-1"]
[WhiteElo "1100"]
[BlackElo "2078"]

1. d4 d5 2. Nc3 Nf6 3. g3 Nc6 4. e3 g6 5. Nf3 Bg7 6. Bg2 O-O 7. O-O Bd7 8. Ne5
Nxe5 9. dxe5 Ng4 10. Nxd5 Bxe5 11. Be4 Bb5 12. Re1 c6 13. Nc3 Ba6 14. Bd2 f5 15.
Bf3 Nf6 16. e4 Bxc3 17. bxc3 e6 18. e5 Nd7 19. Bh6 Re8 20. Rb1 Nc5 21. Qc1 Na4
22. Rb4 Nxc3 23. Re3 Nxa2 24. Qb2 Nxb4 25. Qxb4 Bb5 26. h4 a5 27. Qc3 Qd7 28.
Rd3 Bxd3 0-1

[Event "Challenge"]
[Site "http://www.queenalice.com/game.php?id=1794870"]
[Date "2022.8.24"]
[Round "-"]
[White "henriq19"]
[Black "Andchess"]
[Result "1-0"]
[WhiteElo "2096"]
[BlackElo "1100"]

1. Nf3 d5 2. g3 f6 3. d4 e6 4. Bg2 Bb4+ 5. c3 Ba5 6. O-O Bd7 7. Nbd2 f5 8. b4
Bb6 9. a4 Nf6 10. a5 Bxd4 11. Nxd4 e5 12. N4b3 Bc6 13. Re1 Nbd7 14. Nf3 Ne4 15.
Qc2 Bb5 16. Nh4 Bc4 17. Nd2 Ba6 18. Nxf5 Rf8 19. Nxg7+ Kf7 20. Nf5 Nef6 21. Nf3
Ke8 22. Bg5 Rg8 23. Bh4 e4 24. N3d4 Rg4 25. Ne6 Qc8 26. Neg7+ Kf7 27. Bh3 Rg6
28. Qd2 Qf8 29. Bxf6 Nxf6 30. Qf4 Bb5 31. Qxc7+ Kg8 32. Ne6 Qf7 33. Ne7+ Kh8 34.
Nxg6+ Kg8 35. Qxf7+ Kxf7 36. Ngf4 Re8 37. Rad1 Bc6 38. Nd4 b6 39. Nxc6 Rc8 40.
Bxc8 d4 41. Rxd4 e3 42. Rd6 Ne8 43. Ne5+ Ke7 44. Re6+ Kd8 45. Rd1+ Kxc8 46.
Rxe8+ Kb7 47. Rd7+ 1-0

[Event "Challenge"]
[Site "http://www.queenalice.com/game.php?id=1794927"]
[Date "2022.8.26"]
[Round "-"]
[White "henriq19"]
[Black "Andchess"]
[Result "1-0"]
[WhiteElo "2094"]
[BlackElo "1100"]

1. d4 Nc6 2. e4 e6 3. Nf3 Bb4+ 4. c3 Ba5 5. Be2 Nf6 6. O-O Nxe4 7. Nbd2 Bb6 8.
Nxe4 d5 9. Ng3 f6 10. Bf4 e5 11. dxe5 fxe5 12. Bg5 Ne7 13. Nxe5 Qd6 14. Nd3 Bd7
15. Bf4 Qf6 16. Re1 d4 17. Rc1 g5 18. Bh5+ Kd8 19. Qd2 gxf4 20. Ne4 Qf5 21. Nxf4
Bc6 22. h3 Bxe4 23. Bg4 Qg5 24. Ne6+ Ke8 25. Nxg5 Rd8 26. Rxe4 Rd5 27. Qf4 Rf8
28. Rxe7+ Kxe7 29. Qe4+ Kd8 30. Qxd5+ Ke8 31. Qd7# 1-0

[Event "Challenge"]
[Site "http://www.queenalice.com/game.php?id=1795282"]
[Date "2022.9.1"]
[Round "-"]
[White "Andchess"]
[Black "henriq19"]
[Result "0-1"]
[WhiteElo "1100"]
[BlackElo "2098"]

1. e4 e6 2. d4 d5 3. exd5 exd5 4. Qe2+ Be7 5. Nc3 Nf6 6. Bg5 Nbd7 7. g3 O-O 8.
O-O-O a6 9. Rd3 b5 10. Rd1 b4 11. Na4 a5 12. c3 bxc3 13. bxc3 Ba6 14. Qe1 Ba3+
15. Kb1 Rb8+ 16. Ka1 Qc8 17. c4 dxc4 18. Bc1 Bb4 19. Bd2 Bb5 20. Bxb4 axb4 21.
Nb2 c3 22. Nd3 Qa6 23. Rb1 Ra8 24. Rxb4 Qxa2# 0-1

[Event "Challenge"]
[Site "http://www.queenalice.com/game.php?id=1795283"]
[Date "2022.9.1"]
[Round "-"]
[White "henriq19"]
[Black "Andchess"]
[Result "1-0"]
[WhiteElo "2100"]
[BlackElo "1100"]

1. c4 e5 2. e3 d6 3. Nc3 Be6 4. Nf3 Nc6 5. Be2 Be7 6. O-O Nf6 7. h3 O-O 8. d4
exd4 9. exd4 a5 10. d5 b5 11. dxe6 fxe6 12. Nxb5 Rb8 13. Bg5 Ne4 14. Bxe7 Qxe7
15. Qc2 Nf6 16. Bd3 g6 17. Rae1 Nb4 18. Qb1 d5 19. a3 Nc6 20. Nbd4 Nxd4 21. Nxd4
Qc5 22. Nxe6 Qe7 23. Bxg6 Rfc8 24. Nf4 hxg6 25. Rxe7 dxc4 26. Qxg6+ Kh8 27. Qg7#
1-0

[Event "Challenge"]
[Site "http://www.queenalice.com/game.php?id=1795460"]
[Date "2022.9.3"]
[Round "-"]
[White "Andchess"]
[Black "henriq19"]
[Result "0-1"]
[WhiteElo "1100"]
[BlackElo "2102"]

1. e4 c5 2. Bc4 d6 3. Qf3 Nf6 4. d3 Bg4 5. Qg3 e6 6. Bg5 Bh5 7. Nf3 Be7 8. Bb5+
Nc6 9. Nc3 O-O 10. O-O Bxf3 11. gxf3 Nd4 12. Qg2 a6 13. Bc4 b5 14. Bb3 Nh5 15.
Qg4 g6 16. Qh4 Nxf3+ 17. Kh1 Nxh4 18. Rg1 Nf3 19. Rg4 Bxg5 20. e5 Rc8 21. Ne4 c4
22. dxc4 bxc4 23. Bxc4 d5 24. Be2 dxe4 25. Rd1 Qb6 26. Rd6 Qxf2 27. Rd1 Qxh2#
0-1

[Event "Challenge"]
[Site "http://www.queenalice.com/game.php?id=1795461"]
[Date "2022.9.3"]
[Round "-"]
[White "henriq19"]
[Black "Andchess"]
[Result "1-0"]
[WhiteElo "2103"]
[BlackElo "1100"]

1. e4 Nc6 2. Nf3 Nf6 3. Nc3 e6 4. Bc4 d5 5. Bb5 dxe4 6. Ng5 a6 7. Ba4 h6 8.
Ngxe4 Bb4 9. O-O b5 10. Bb3 a5 11. Nxb5 Ba6 12. Nxf6+ gxf6 13. Bc4 Qd4 14. Nxd4
Nxd4 15. Bxa6 Rxa6 16. c3 Nf5 17. cxb4 axb4 18. Qe2 Rd6 19. Qb5+ Ke7 20. Qxb4
Rg8 21. Kh1 Ke8 22. Qb8+ Rd8 23. Qxc7 Kf8 24. b3 Re8 25. Bb2 Kg7 26. Qc3 e5 27.
Rae1 h5 28. Qf3 e4 29. Qxf5 Re5 30. Bxe5 fxe5 31. Rxe4 f6 32. Rh4 Kf8 33. Qxf6+
Ke8 34. Re1 Rg4 35. Rxe5+ Kd7 36. Re7+ Kd8 37. Qf8# 1-0

[Event "Challenge"]
[Site "http://www.queenalice.com/game.php?id=1795462"]
[Date "2022.9.3"]
[Round "-"]
[White "Andchess"]
[Black "henriq19"]
[Result "0-1"]
[WhiteElo "1100"]
[BlackElo "2101"]

1. Nf3 Nc6 2. Nc3 e5 3. d3 Bc5 4. e4 Nf6 5. h4 d6 6. g3 Be6 7. Bg2 O-O 8. O-O
Bg4 9. a3 Nd4 10. Be3 Qd7 11. b4 Bb6 12. Qd2 Bxf3 13. Bh1 Bxh1 14. Kxh1 Nf3 15.
Qe2 Qh3# 0-1

[Event "Challenge"]
[Site "http://www.queenalice.com/game.php?id=1795750"]
[Date "2022.9.7"]
[Round "-"]
[White "henriq19"]
[Black "Andchess"]
[Result "1-0"]
[WhiteElo "2104"]
[BlackElo "1100"]

1. e4 c5 2. Nf3 Nc6 3. d4 cxd4 4. Nxd4 Nxd4 5. Qxd4 b6 6. Bc4 a5 7. O-O Rb8 8.
Nc3 e6 9. Bf4 d6 10. Bg3 Bb7 11. Bb5+ Ke7 12. Rad1 Rc8 13. e5 d5 14. Bh4+ f6 15.
exf6+ Nxf6 16. Rfe1 Bc6 17. Bxc6 Rxc6 18. Nxd5+ Ke8 19. Nxf6+ gxf6 20. Qxd8+ Kf7
21. Qd7+ Be7 22. Qxc6 Bc5 23. Rd7+ Be7 24. Qxe6+ Kg6 25. Rxe7 Kh5 26. Re4 Kh6
27. Qxf6+ Kh5 28. Qg5# 1-0

[Event "Challenge"]
[Site "http://www.queenalice.com/game.php?id=1795751"]
[Date "2022.9.7"]
[Round "-"]
[White "Andchess"]
[Black "henriq19"]
[Result "0-1"]
[WhiteElo "1100"]
[BlackElo "2105"]

1. e4 c6 2. Nf3 d5 3. exd5 Qxd5 4. Be2 Nf6 5. O-O e5 6. Nc3 Qc5 7. d3 Be7 8. Be3
Qb4 9. a3 Qxb2 10. Qd2 O-O 11. Rfb1 Qxb1+ 12. Rxb1 b6 13. a4 Bf5 14. Nxe5 Na6
15. d4 c5 16. Bxa6 Rad8 17. f4 cxd4 18. Bxd4 Bc5 19. Nb5 Ng4 20. Qc1 Bxd4+ 21.
Kh1 Nf2+ 22. Kg1 Nd3+ 23. Nxd4 Nxc1 24. Rxc1 Rxd4 25. h3 h6 26. Nf3 Rxa4 27. c4
Rxa6 28. Nd4 Be4 29. Re1 f5 30. g4 Bd3 31. gxf5 Bxc4 32. Re7 Ra1+ 33. Kh2 Rd8
34. Nc6 Rd2+ 35. Kg3 Ra3+ 36. Kh4 Rg2 37. Re8+ Kh7 38. Rf8 g5+ 39. Kh5 Rxh3# 0-1

[Event "Challenge"]
[Site "http://www.queenalice.com/game.php?id=1795958"]
[Date "2022.9.11"]
[Round "-"]
[White "Andchess"]
[Black "henriq19"]
[Result "0-1"]
[WhiteElo "1100"]
[BlackElo "2109"]

1. e4 c5 2. Nc3 e6 3. Nf3 Be7 4. Be2 Nc6 5. Bc4 Nf6 6. O-O O-O 7. d3 h6 8. a4 d5
9. Re1 dxc4 10. dxc4 Qxd1 11. Rxd1 e5 12. b3 Bg4 13. Rd3 Nb4 14. Re3 Nxc2 15.
Ra2 Nxe3 16. fxe3 Rad8 17. Nxe5 Be6 18. a5 a6 19. h3 Nd7 20. Bd2 Nxe5 21. Be1
Nd3 22. Bg3 Nb4 23. Rf2 Bf6 24. e5 Bg5 25. Ne4 Be7 26. Re2 Rd1+ 27. Be1 Nd3 28.
Kf1 Bh4 29. g3 Bxh3+ 30. Kg1 Bd8 31. Nf2 Rxe1+ 32. Rxe1 Nxe1 33. Nxh3 Bxa5 34.
e4 Re8 35. Nf4 Rxe5 36. Kf1 g5 37. Nh5 g4 38. Nf6+ Kg7 39. Nxg4 Rg5 40. Ne3 Kg6
41. b4 Bxb4 42. g4 Nf3 43. Kf2 Ne5 44. Kg3 Bd2 45. Nd5 Nxg4 46. Ne7+ Kh7 47. Kf3
Ne5+ 48. Kf2 Nxc4 49. Ke2 Re5 50. Kd3 Rxe7 51. Kxc4 Rxe4+ 52. Kd5 f5 53. Kxc5
Kg7 54. Kd5 Kf6 55. Kd6 Bb4+ 56. Kc7 Re6 57. Kxb7 Ke5 58. Kc7 Kd5 59. Kd7 Re7+
60. Kd8 Kc6 61. Kc8 Re8# 0-1

[Event "Challenge"]
[Site "http://www.queenalice.com/game.php?id=1796214"]
[Date "2022.9.14"]
[Round "-"]
[White "henriq19"]
[Black "Andchess"]
[Result "1-0"]
[WhiteElo "2106"]
[BlackElo "1100"]

1. e4 Nf6 2. e5 Nd5 3. d4 d6 4. Bc4 Nf6 5. exf6 gxf6 6. Qh5 e6 7. Ne2 Rg8 8. Bd2
f5 9. Nbc3 Bd7 10. O-O-O b5 11. Bb3 Rxg2 12. Qxh7 Rxf2 13. Rhg1 Bc6 14. Rg8 Kd7
15. Qxf7+ Kc8 16. Rxf8 Bf3 17. Rxd8+ Kxd8 18. Bxe6 b4 19. Bg5# 1-0

[Event "Challenge"]
[Site "http://www.queenalice.com/game.php?id=1796256"]
[Date "2022.9.16"]
[Round "-"]
[White "Andchess"]
[Black "henriq19"]
[Result "0-1"]
[WhiteElo "1100"]
[BlackElo "2107"]

1. e4 e5 2. Nf3 Nc6 3. c4 Bc5 4. Nc3 Nf6 5. d3 O-O 6. h4 Ng4 7. Be2 Nxf2 8. Qd2
Nxh1 9. b3 Ng3 10. Bd1 Be7 11. Qf2 Bxh4 12. d4 exd4 13. Nxd4 Nxd4 14. Bf4 Ngf5
15. g3 Bf6 16. exf5 Re8+ 17. Kf1 Nxf5 18. g4 Bxc3 19. Rc1 Bd4 20. Qf3 Nh4 21.
Qd3 c5 22. Be2 Qf6 23. g5 Qxf4+ 24. Ke1 Qxc1+ 25. Qd1 Bc3+ 26. Kf1 Qxd1+ 27.
Bxd1 Re1+ 28. Kf2 Rxd1 29. a4 b6 30. Kg3 Ng6 31. Kf2 Bb7 32. Ke2 Rd2+ 33. Ke1
Re8+ 34. Kf1 Ra2 35. b4 Re1# 0-1

[Event "Challenge"]
[Site "http://www.queenalice.com/game.php?id=1796257"]
[Date "2022.9.16"]
[Round "-"]
[White "henriq19"]
[Black "Andchess"]
[Result "1-0"]
[WhiteElo "2108"]
[BlackElo "1100"]

1. Nf3 d5 2. g3 b6 3. Bg2 Bb7 4. d4 Nc6 5. O-O Qd7 6. a3 O-O-O 7. b4 a6 8. c3
Nf6 9. a4 Qe8 10. b5 axb5 11. axb5 Na5 12. Ne5 e6 13. Bg5 Rd6 14. Bf4 Qxb5 15.
Nxf7 Rg8 16. Nxd6+ cxd6 17. Na3 Qb2 18. Qc2 Qxc2 19. Nxc2 Nc4 20. Bh3 Ne4 21.
Bxe6+ Kb8 22. Bxg8 Nxc3 23. Rfe1 Be7 24. Nb4 Bc8 25. Bxh7 b5 26. Bd3 Nb2 27. Ra3
Nca4 28. Nxd5 Bf8 29. Bxb5 Be6 30. e4 Be7 31. Bxa4 Bg4 32. Rb1 Kc8 33. Nxe7+ Kd8
34. Rxb2 Kxe7 35. Rb7+ Kf6 36. e5+ dxe5 37. Bxe5+ Kg6 38. Bc2+ Kg5 39. Rxg7+ Kh6
40. Rh7+ Kg5 41. f4# 1-0

[Event "Challenge"]
[Site "http://www.queenalice.com/game.php?id=1796595"]
[Date "2022.9.21"]
[Round "-"]
[White "henriq19"]
[Black "Andchess"]
[Result "1-0"]
[WhiteElo "2112"]
[BlackElo "1100"]

1. e4 e5 2. Nf3 d6 3. Bc4 c6 4. O-O b5 5. Bb3 Ba6 6. d3 b4 7. Ng5 h6 8. Nxf7 Qe7
9. Nxh8 g5 10. Ng6 Qg7 11. Qf3 Qxg6 12. Qf5 Qg7 13. Qe6+ Ne7 14. Bd2 Bc8 15. Qc4
Ba6 16. Qxb4 c5 17. Qa4+ Nbc6 18. Qxa6 Rb8 19. Bc3 Rb6 20. Qc4 Nc8 21. Qe6+ Be7
22. Qxc8+ Bd8 23. Nd2 Ne7 24. Qh3 Rb7 25. Qh5+ Ng6 26. Be6 Re7 27. Bf5 Qf6 28.
Qxg6+ Rf7 29. Qxf6 Bxf6 30. Nc4 g4 31. Nxd6+ Ke7 32. Nxf7 Kxf7 33. Bd2 h5 34. f3
a6 35. fxg4 hxg4 36. Bxg4 Ke7 37. Rf5 Bh8 38. Raf1 Kd6 39. Rf8 Bg7 40. R8f7 Kc6
41. Rxg7 Kb6 42. Rf6+ Kb5 43. Rb7+ Ka4 44. Rxa6# 1-0

[Event "Challenge"]
[Site "http://www.queenalice.com/game.php?id=1797007"]
[Date "2022.9.28"]
[Round "-"]
[White "henriq19"]
[Black "Andchess"]
[Result "1-0"]
[WhiteElo "2125"]
[BlackElo "1100"]

1. e4 e5 2. Nf3 d6 3. Bc4 Nc6 4. O-O Nf6 5. d3 Bd7 6. Nc3 Qe7 7. Bg5 h6 8. Bh4
g5 9. Bg3 a5 10. a3 Bg4 11. h3 Bh5 12. Bh2 g4 13. hxg4 Bxg4 14. Nd5 Nxd5 15.
Bxd5 Bxf3 16. Qxf3 Nd4 17. Qg4 c6 18. Bc4 Nxc2 19. Rac1 Nd4 20. f4 h5 21. Qd1 b5
22. Ba2 exf4 23. Rxf4 Bh6 24. Rxf7 Qd8 25. Qf1 Be3+ 26. Kh1 Bxc1 27. Qxc1 Rc8
28. Qf4 Ne2 29. Qxd6 Qg5 30. Qd7# 1-0

[Event "Challenge"]
[Site "http://www.queenalice.com/game.php?id=1797008"]
[Date "2022.9.28"]
[Round "-"]
[White "Andchess"]
[Black "henriq19"]
[Result "0-1"]
[WhiteElo "1100"]
[BlackElo "2126"]

1. e4 e5 2. Nf3 Nc6 3. Nc3 Nf6 4. Be2 Bc5 5. O-O O-O 6. d3 d6 7. a3 Bg4 8. h3
Be6 9. Bg5 h6 10. Bxf6 Qxf6 11. g4 a6 12. b4 Bb6 13. h4 Bxg4 14. Nd5 Qg6 15. Ne3
Bxe3 16. fxe3 Bxf3+ 17. Kf2 Qg2+ 18. Ke1 Qg3+ 19. Kd2 Bxe2 20. Qxe2 Qxh4 21. Rh1
Qg5 22. Rh5 Qf6 23. Rf5 Qe7 24. Rg1 Qh4 25. Qh5 Qxh5 26. Rxh5 Kh7 27. Rh3 Ne7
28. Rhg3 g6 29. c4 c5 30. bxc5 dxc5 31. a4 f5 32. exf5 Nxf5 33. Rxg6 Rg8 34.
Rxg8 Rxg8 35. Rf1 Ng3 36. Rf3 h5 37. Rf7+ Rg7 38. Rf6 e4 39. Re6 exd3 40. Kxd3
Rd7+ 41. Kc3 Ne2+ 42. Kc2 Kg7 43. Re8 h4 44. e4 h3 45. e5 Kf7 46. Rh8 Nf4 47.
Rh4 Rd4 48. Kc3 Ne2+ 49. Kb2 Rxh4 0-1

[Event "Challenge"]
[Site "http://www.queenalice.com/game.php?id=1798364"]
[Date "2022.10.21"]
[Round "-"]
[White "Andchess"]
[Black "henriq19"]
[Result "0-1"]
[WhiteElo "1096"]
[BlackElo "2113"]

1. e4 c5 2. Nc3 d6 3. Nf3 Nf6 4. h3 g6 5. Bc4 Bg7 6. Rf1 O-O 7. Qe2 Nc6 8. a3
Bd7 9. d3 Nh5 10. g4 Nf4 11. Bxf4 Nd4 12. Nxd4 cxd4 13. Nd5 e6 14. Bxd6 Re8 15.
Nc7 Ba4 16. Nxa8 Qxd6 17. b3 Bc6 18. e5 Bxe5 19. b4 Rxa8 20. b5 Bd7 21. Rb1 b6
22. Qe4 Rd8 23. Qb7 Qxa3 24. Rb3 Qc1+ 25. Ke2 Qxc2+ 26. Kf3 Qd2 27. Qxa7 Qf4+
28. Ke2 Qh2 29. Qxb6 Bc7 30. Qb7 Rb8 31. Qa7 Qe5+ 32. Kd1 Kf8 33. Re1 Qd6 34. b6
Bxb6 35. Kd2 Bxa7 36. Rxb8+ Bxb8 37. Rb1 Qf4+ 38. Kd1 Be5 39. Rb7 Ba4+ 40. Bb3
Bxb3+ 41. Rxb3 Qxf2 42. Ra3 Bf4 43. Ra8+ Kg7 44. Rc8 Qd2# 0-1

[Event "Challenge"]
[Site "http://www.queenalice.com/game.php?id=1798365"]
[Date "2022.10.21"]
[Round "-"]
[White "henriq19"]
[Black "Andchess"]
[Result "1-0"]
[WhiteElo "2112"]
[BlackElo "1098"]

1. e4 e5 2. Nf3 Nc6 3. Bb5 a6 4. Bxc6 bxc6 5. O-O d6 6. c3 a5 7. d4 exd4 8. cxd4
Ba6 9. Re1 Be7 10. Nc3 Bf6 11. Bf4 c5 12. dxc5 dxc5 13. Qxd8+ Rxd8 14. Bxc7 Rd3
15. e5 Be7 16. Bxa5 c4 17. Rad1 Rxd1 18. Rxd1 f6 19. Nd5 Bc5 20. Nc7+ Kf7 21.
Nxa6 Ba7 22. Rd7+ Kg6 23. Rxa7 Nh6 24. exf6 gxf6 25. Bc3 Rd8 26. g3 Rd1+ 27. Kg2
Nf5 28. Nc5 Rd5 29. Ne6 Nd6 30. Nf4+ Kf5 31. Nxd5 Ke4 32. Nxf6+ Kf5 33. Rg7 h6
34. Be5 Nb5 35. g4+ 1-0

[Event "Challenge"]
[Site "http://www.queenalice.com/game.php?id=1799386"]
[Date "2022.11.7"]
[Round "-"]
[White "henriq19"]
[Black "Andchess"]
[Result "1-0"]
[WhiteElo "2121"]
[BlackElo "1094"]

1. e4 Nf6 2. e5 Ne4 3. Bc4 c6 4. Nf3 d5 5. Bb3 f6 6. exf6 gxf6 7. O-O Bg7 8. d3
Nd6 9. Bf4 Bg4 10. Nbd2 e5 11. Bg3 Bxf3 12. Nxf3 Nd7 13. c3 f5 14. h3 f4 15. Bh4
Bf6 16. Bxf6 Nxf6 17. Qc2 e4 18. dxe4 dxe4 19. Ng5 b5 20. Ne6 Qe7 21. Nxf4 Qe5
22. Ne6 c5 23. Nc7+ Kd8 24. Nxa8 Qe7 25. Rad1 c4 26. Qd2 1-0

[Event "Challenge"]
[Site "http://www.queenalice.com/game.php?id=1799387"]
[Date "2022.11.7"]
[Round "-"]
[White "Andchess"]
[Black "henriq19"]
[Result "0-1"]
[WhiteElo "1092"]
[BlackElo "2122"]

1. e4 c5 2. Be2 Nc6 3. Nf3 d6 4. O-O g6 5. Nc3 Nf6 6. d3 Bg7 7. Re1 O-O 8. Bd2
a6 9. Bg5 Be6 10. Bxf6 Bxf6 11. a3 Qc7 12. Nb1 Rad8 13. Nc3 b5 14. g3 Bg7 15.
Qd2 b4 16. axb4 Nxb4 17. Qe3 Nxc2 18. Qc1 Nxa1 19. Qxa1 Qb6 20. Na4 Qb7 21. Qc1
Bd7 22. Nc3 Bh3 23. Ng5 Bd7 0-1

[Event "Challenge"]
[Site "http://www.queenalice.com/game.php?id=1799388"]
[Date "2022.11.7"]
[Round "-"]
[White "henriq19"]
[Black "Andchess"]
[Result "1-0"]
[WhiteElo "2124"]
[BlackElo "1088"]

1. c4 d6 2. Nf3 e5 3. Nc3 Nc6 4. e3 Bd7 5. Be2 Nf6 6. O-O Be7 7. a3 e4 8. Ng5 h6
9. Ngxe4 Nxe4 10. Nxe4 O-O 11. d4 Bf5 12. Nc3 a5 13. Bd3 Qd7 14. Bxf5 Qxf5 15.
Nd5 Bg5 16. Qb3 a4 17. Qxb7 Na5 18. Qxc7 Rfc8 19. Qxd6 Rxc4 20. Nb6 Rd8 21. Qg3
1-0

[Event "Challenge"]
[Site "http://www.queenalice.com/game.php?id=1799587"]
[Date "2022.11.9"]
[Round "-"]
[White "henriq19"]
[Black "Andchess"]
[Result "1-0"]
[WhiteElo "2123"]
[BlackElo "1090"]

1. e4 e5 2. Nf3 d6 3. Bc4 Nc6 4. O-O Be7 5. d3 Nf6 6. Bg5 h6 7. Bh4 Ng4 8. Bxe7
Qxe7 9. Nbd2 g5 10. Re1 O-O 11. c3 Nf6 12. Nf1 g4 13. Nh4 a6 14. Ng6 Qe8 15. Re3
b5 16. Bb3 Be6 17. Bxe6 1-0